|
|
|
|
| LEADER |
00000cam a2200000 7i4500 |
| 001 |
0000008007 |
| 005 |
20160930.0 |
| 020 |
|
|
|a 0455202915
|
| 040 |
|
|
|a INS
|
| 090 |
0 |
0 |
|a KH125.73.R2
|b D86 1985
|
| 100 |
1 |
|
|a Duncan, W.D.(William David)
|
| 245 |
1 |
0 |
|a Real estate agency law in Queensland
|c W.D. Duncan
|
| 260 |
|
|
|a Sydney :
|b The Law Book Company Ltd. ,
|c 1985
|
| 300 |
|
|
|a 273p. ;
|c 24 cm.
|
| 650 |
0 |
0 |
|a Land tenure
|x Law and legislation
|z Queensland
|
| 650 |
0 |
0 |
|a Real estate business
|x Law and legislation
|z Queensland
|
| 650 |
0 |
0 |
|a Real property
|z Queensland
|
| 999 |
|
|
|a 0000023900
|b BOOK
|c Open Shelf
|e Default branch
|